=LDR 00000nam 2200000 4500 =001 INLIS000000000031495 =005 20130612133549 =008 ***********************************ind** =035 ##$$0010-061300000031495 =041 ##$$a ind =082 ##$$a 028.55 =090 ##$$a 028.55, Pur, m =100 ##$$a PURJIANTA, Eka =245 ##$$a Mengenal Kapal Laut , Eka Purjianta =260 ##$$a Ganeca $b (s.l) =300 ##$$a 58 hlm., , ilus., , 25 cm =650 ##$$a BACAAN ANAK-ANAK =700 ##$$a MARIANA, Christina Martha =850 ##$$a NBPNMAT